000 00347pab a2200145 454500
008 180718b1988 xxu||||| |||| 00| 0 eng d
100 _aAdonis, Andrew
245 _aThe house of lords in the 1980s
260 _c1988
300 _a380-401
362 _aJul.
650 _aLegislators - U.K.
773 _aParliamentary Affairs
909 _a12581
999 _c12581
_d12581